| 000 | 00579nam a2200241Ia 4500 | ||
|---|---|---|---|
| 003 | OSt | ||
| 005 | 20221005131252.0 | ||
| 006 | a|||||r|||| 00| 0 | ||
| 007 | ta | ||
| 008 | 221004b |||||||| |||| 00| 0 guj d | ||
| 024 | _a45748 | ||
| 037 | _cTextual | ||
| 040 |
_aCRL _cCRL _bguj |
||
| 041 |
_2guj _aguj |
||
| 082 | _aY15:7:7, 156F2 | ||
| 100 |
_aBhatt Au. _9628809 |
||
| 245 | 0 | _aShtrioni rangabhumi | |
| 260 | _c1922 | ||
| 650 | _a WOMEN | ||
| 650 | _aSOCIOLOGY | ||
| 942 |
_hY15:7:7, 156F2 _cTEXL _2cc |
||
| 999 |
_c1059810 _d1059810 |
||